header

WHO Expert Committee on Biological Standardization (Record no. 27633)

MARC details
000 -LEADER
fixed length control field 01404nam a2200325 a 4500
245 10 - TITLE STATEMENT
Title WHO Expert Committee on Biological Standardization
260 ## - PUBLICATION, DISTRIBUTION, ETC. (IMPRINT)
Place of publication Geneva :
Name of publisher World Health Organization,
Year of publication 2007.
300 ## - PHYSICAL DESCRIPTION
Number of Pages x, 340 p. :
Other physical details ill.
490 1# - SERIES STATEMENT
Series statement WHO technical report series,
650 #0 - SUBJECT ADDED ENTRY--TOPICAL TERM
Topical Term Biological products
Topical Term Drugs
856 40 - ELECTRONIC LOCATION AND ACCESS
Uniform Resource Identifier http://site.ebrary.com/lib/rucke/Doc?id=10227084

No items available.

© 2026 Rongo University
Contact us: librarian | system librarian | Rongo university